1487 1205 1372 1385 1366 1436 1993 1638 1247 1000 1301 1085 1109 1460 1653 1248 1890 1054 1583 1004 1110 1177 1725 1501 1170 1700 1525 1859 1971 1355 1954 1764 1056 1104 1257 1590 1549 1469 1582 1247 1472 1223 1731 1632 1402 1324 1590 1199 1906 1287 1412 1530 1643 1236 1970 1978 1429 1439 1283 1861 1058 1041 1272 1295 1544 1340 1458 1919 1870 1326 1638 1281 1504 1226 1793 1473 1272 1499 1755 1722 1376 1255 1934 1936 1327 1643 1565 1031 1645 1857 1346 1289 1845 1162 1582 1898 1947 1792 1325 BCNSPRNW ULIB Ver.6.0+V

เปลี่ยนเป็นภาษาไทย

Change to English
 แสดงรายละเอียดบรรณานุกรม
  กลับหน้าหลัก

Brief Record : Get Marc (ISO 2709) : E-mail record : QR code < ปิดหน้าต่าง
LEADER : 00000nam 2200000uu 4500
001    13399112355
003     ULIB
008    110805s2543||||th 000 0 tha d
020    9742225486
050 0  JQ1745.A5^bส271ก 2543
100 0  สมาน รังสิโยกฤษฏ์
245 10 การบริหารราชการไทย :^bอดีต ปัจจุบัน และอนาคต /^cโดย สมาน รังสิโยกฤษฏ์
260    กรุงเทพฯ :^bบรรณกิจ,^c2543
300    157 หน้า :^bแผนภูมิ ;^c26 ซม
504    บรรณานุกรม : หน้า 150-157
650  7 ระบบราชการ^zไทย
650  7 การบริหารรัฐกิจ^zไทย
650  7 การปฏิรูประบบราชการ^zไทย
945    ^p150^l0^i014553
945    ^p150^l0^i014554
945    ^p150^l0^i014555
995    ทศพร
999 ^a ทศพร
รายการนี้ยังไม่มีแท็ก
คุณยังไม่ได้ล็อกอิน คุณสามารถมีกิจกรรมร่วมกับเว็บไซต์ได้ แต่ต้องล็อกอินก่อน ::
  ล็อกอิน

รายการสื่อสารสนเทศ

ลำดับที่ ประเภท เลขเรียก/บาร์โค้ด สถานที่ สถานะ
- ไม่พบข้อมูล -

BibComment


ยังไม่เคยถูกคอมเมนท์

คอมเมนท์ทรัพยากรรายการนี้
  คอมเมนท์: การบริหารราชการไท..


 Copyright 2026. Bcnsprnw @Library